• 首页
  • 本馆介绍
  • 公告通知
  • 最新文献
  • 馆藏检索
  • 电子资源
  • 读者导购
  • 参考咨询
  • 我的图书馆
  • 登录
  • 详细信息显示
  • 放入我的书架
  • 预约/预借图书
  • 作者相关作品
  • 分类相关作品
  • 丛书相关作品
  • 出版社相关作品

书目信息

  • 表格格式
  • 工作单格式
  • 卡片格式
题名:
类胡萝卜素功效与生物技术
    
 
作者: 姜建国 , 王飞 , 陈倩 编
分册:  
出版信息: 北京   化学工业出版社  2008
页数: 189页
开本: 24cm
丛书名:
单 册:
中图分类: Q562
科图分类:
主题词: 类胡萝卜素--研究 , 类胡萝卜素
电子资源:
ISBN: 978-7-122-01116-9
000 00956nam0 2200265 45
001 1033010250
005 20100709083801.48
010    @a978-7-122-01116-9@dCNY29.00
100    @a20100331d2008 ekmy0chiy0120 ea
101 0  @achi
102    @aCN@b110000
105    @ay z 000yy
106    @ar
200 1  @a类胡萝卜素功效与生物技术@ALei Hu Luo Bu Su Gong Xiao Yu Sheng Wu Ji Shu@f姜建国,王飞,陈倩编@FJiang Jian Guo, Wang Fei, Chen Qian Bian
210    @a北京@c化学工业出版社@d2008
215    @a189页@d24cm
330    @a本书着重阐明类胡萝卜素独特的生理功能及其研究理论和技术方法,包括类胡萝卜素的天然结构和功能、化学特性、生物合成途径、基因调控机理、抗氧化机理、营养学、生物分离技术等。
606 0  @a类胡萝卜素@x研究
606 0  @a类胡萝卜素
690    @aQ562@v4
701  0 @a姜建国@AJiang Jian Guo@4编
701  0 @a王飞@AWang Fei@4编
701  0 @a陈倩@AChen Qian@4编
801  0 @aCN@bTANGWEI@c20100709
905    @b0587460-64@dQ562@e177@f5
    
    类胡萝卜素功效与生物技术/姜建国,王飞,陈倩编.-北京:化学工业出版社,2008
    189页;24cm
    
    
    ISBN 978-7-122-01116-9:CNY29.00
    本书着重阐明类胡萝卜素独特的生理功能及其研究理论和技术方法,包括类胡萝卜素的天然结构和功能、化学特性、生物合成途径、基因调控机理、抗氧化机理、营养学、生物分离技术等。
●
相关链接 在E读中查询图书 在五车中查询图书 在当当中查询图书 在豆瓣中查询图书


正题名:类胡萝卜素功效与生物技术     索取号:Q562/177         预约/预借

序号 登录号 条形码 馆藏地/架位号 状态 备注
1 0587460   205874605   第二样本阅览室/ [索取号:Q562/177] 在馆    
2 0587461   205874614   第三借阅区/ [索取号:Q562/177] 在馆    
3 0587462   205874623   第三借阅区/ [索取号:Q562/177] 在馆    
4 0587463   205874632   第三借阅区/ [索取号:Q562/177] 在馆    
5 0587464   205874641   第三借阅区/ [索取号:Q562/177] 在馆    
唐山师范学院图书馆 欢迎您!
大连网信软件有限公司© 版权所有